000 01257nam a22002777a 4500
005 20240530110559.0
008 160903s2012 ua g 000 0dara d
017 _a2011/20527
_bمصر . دار الكتب المصرية
020 _a9789777048637
040 _aEG-CaGPL
082 0 4 _221
_a330.122073\
_bب ع
100 1 _aبانز، مايكل جيه .
245 1 0 _aعندما يسقط العمالقة:
_bخريطة طريق اقتصادية لنهاية العهد الامريكى /
_cتاليف مايكل جيه . بانزنز ؛ ترجمة طارق راشد عليان .
250 _aط1،
260 _aالقاهرة :
_bالمركز القومى للترجمة ،
_c2012 .
300 _a340ص؛
_c24سم .
490 0 _aالمشروع القومى للترجمة
_v2037
504 _aببليوجرافية : ص261 - 327
650 0 4 _aالاستعمار الجديد .
651 0 4 _aالولايات المتحدة الامريكية
_xالاقتصاد .
651 0 4 _aالولايات المتحدة الامريكية
_xتاريخ .
651 0 4 _aالعالم
_xالاحوال الاقتصادية .
700 0 _aطارق راشد عليان
_eمترجم .
942 _2ddc
_cBK
999 _c62630
_d62630